The Pentecostals. (Record no. 14158)

000 -LEADER
fixed length control field 00834nam a2200229 a 4500
001 - CONTROL NUMBER
control field :::00011982$&:&@@
003 - CONTROL NUMBER IDENTIFIER
control field OkBaRHE
005 - DATE AND TIME OF LATEST TRANSACTION
control field 20110421130702.0
008 - FIXED-LENGTH DATA ELEMENTS--GENERAL INFORMATION
fixed length control field s1966 j 000 0 eng u
040 ## - CATALOGING SOURCE
Transcribing agency
100 1# - MAIN ENTRY--PERSONAL NAME
Personal name Nichol, John Thomas.
245 14 - TITLE STATEMENT
Title The Pentecostals.
250 ## - EDITION STATEMENT
Edition statement [1st ed.]
260 ## - PUBLICATION, DISTRIBUTION, ETC. (IMPRINT)
Place of publication, distribution, etc New York, NY., :
Name of publisher, distributor, etc Harper & Row
Date of publication, distribution, etc 1966
300 ## - PHYSICAL DESCRIPTION
Extent xv, 264 p. ;
Dimensions 22 cm.
650 ## - SUBJECT ADDED ENTRY--TOPICAL TERM
Topical term or geographic name as entry element Pentecostal Churches
650 ## - SUBJECT ADDED ENTRY--TOPICAL TERM
Topical term or geographic name as entry element Pentecostalism
942 ## - ADDED ENTRY ELEMENTS (KOHA)
Source of classification or shelving scheme
Koha item type Books
Copies
Withdrawn status Price effective from Lost status Not for loan Current Location Shelving location Total Checkouts Date acquired Date last seen Full call number Copy number Koha item type Permanent Location Barcode Source of classification or shelving scheme Damaged status Date checked out Total Renewals
 2010-04-14   General Stacks 2010-04-142010-04-14BX 8763 .N51BooksRHEMA Bible Training College11982    
 2010-04-14  RHEMA Bible Training CollegeGeneral Stacks12010-04-142011-04-21BX 8763 .N52BooksRHEMA Bible Training College16977  2011-04-14 
 2010-04-14  RHEMA Bible Training CollegeGeneral Stacks12010-04-142012-02-14BX 8763 .N53BooksRHEMA Bible Training College16978  2012-02-071